Magnezitový priemysel v buržoáznej Československej republike (Príspevok nadväzuje na štúdiu Vznik magnezitového priemyslu na Slovensku, uverejnenú v zborníku Historica Carpatica, 13, 1982, s. 81-100.)

Bibliographic Details
Main Author: Gulyás, Tibor (Author)
Format: Article
Language:Slovak
PhysicalDescription:Tb. 2. Res. rus., nem., lit. 13 zázn. v slov.
Subjects:

MARC

LEADER 00000nab a2200000 a 4500
001 vtls000212039
003 SK-MaSNL
005 20260302203926.0
008 160204c1984 xo 0 slo
015 |a SNBRA19rr/mm-uuuuu 
035 |a CL0222153 
040 |a SNKBUCL  |b slo  |c SNKBUCL  |e AACR2 
041 0 |a slo 
044 |a xo  |c SK 
080 |a 622.36(437)(091)  |2 1981 
100 1 |a Gulyás, Tibor  |4 aut  |9 284659 
245 1 0 |a Magnezitový priemysel v buržoáznej Československej republike  |b (Príspevok nadväzuje na štúdiu Vznik magnezitového priemyslu na Slovensku, uverejnenú v zborníku Historica Carpatica, 13, 1982, s. 81-100.)  |c Tibor Gulyás 
300 |b Tb. 2. Res. rus., nem., lit. 13 zázn. v slov. 
650 0 7 |a magnezit  |2 snkbucl  |9 17140 
655 7 |a články zo zborníkov  |2 snkbucl  |9 166140 
773 0 |t Historica carpatica 15  |d Košice : Východoslovenské vyd., 1984  |g S. 121-142 
850 |a Slovenská národná knižnica v Martine  |a MTA001 
852 |a SNK  |b KIS3GCP 
958 |a NB 
958 |a RK 
992 |a RZB 
999 |c 1471113  |d 1473043